| 000 | 00401nam a22001337a 4500 | ||
|---|---|---|---|
| 008 | 230314b |||||||| |||| 00| 0 eng d | ||
| 020 | _a0140207341. | ||
| 050 | _aRC465.L3 1965 | ||
| 100 |
_aLaing.R.D. _947180 |
||
| 245 |
_aThe divided self, _ban existential study in sanity and madness, _cR.D.Laing |
||
| 260 |
_aNew York: _bpenguin Books. _c1965. |
||
| 300 |
_a218p; _c18cm. |
||
| 942 |
_2lcc _cMONOGRAPH |
||
| 999 |
_c131674 _d131674 |
||